[Event "Teplice op 18th"]
[Site "Teplice"]
[Date "2025.06.21"]
[Round "8"]
[White "Sorensen, Hampus"]
[Black "Piddubna, Bozhena"]
[Result "1/2-1/2"]
[WhiteElo "2432"]
[BlackElo "2173"]
[PlyCount "99"]
[EventDate "2025.06.14"]
[EventType "swiss"]
[EventRounds "9"]
[EventCountry "CZE"]
[SourceTitle "CB26_2025"]
[SourceDate "2025.06.25"]
[SourceVersion "1"]
[SourceVersionDate "2025.06.25"]
[SourceQuality "1"]

1. e4 e5 2. Nf3 Nf6 3. Nxe5 d6 4. Nf3 Nxe4 5. c4 d5 6. Nc3 Bc5 7. d4 Bb4 8. Qb3 Qe7 9. Be3 0-0 10. cxd5 Re8 11. Ne5 Nd7 12. Bb5 Nxe5 13. dxe5 c6 14. dxc6 Be6 15. Qc2 Nxc3 16. bxc3 bxc6 17. Bd3 Ba5 18. 0-0 h6 19. f4 Bb6 20. Qf2 Qa3 21. Rfc1 Red8 22. Be4 Qa4 23. Bc2 Qa5 24. Be4 Bd5 25. Bxd5 Rxd5 26. Bxb6 axb6 27. Qe2 Qc5+ 28. Kh1 Rad8 29. e6 fxe6 30. Qxe6+ Kh8 31. h3 Rd3 32. c4 R3d6 33. Qe5 Qf2 34. Rf1 Qg3 35. Qe4 c5 36. f5 Rd4 37. Qc6 R4d6 38. Qf3 Qh4 39. Rac1 Rd3 40. Qf2 Qf6 41. Rce1 Rd2 42. Re2 Qb2 43. Rxd2 Rxd2 44. Qf3 Rd6 45. a3 Qd4 46. Qe2 Qd3 47. Qxd3 Rxd3 48. f6 Kg8 49. Rb1 Rxa3 50. Rxb6 1/2-1/2

[Event "Teplice op 18th"]
[Site "Teplice"]
[Date "2025.06.19"]
[Round "6"]
[White "Sorensen, Hampus"]
[Black "Wagh, Suyog"]
[Result "1/2-1/2"]
[WhiteElo "2432"]
[BlackElo "2319"]
[PlyCount "60"]
[EventDate "2025.06.14"]
[EventType "swiss"]
[EventRounds "9"]
[EventCountry "CZE"]
[SourceTitle "CB26_2025"]
[SourceDate "2025.06.25"]
[SourceVersion "1"]
[SourceVersionDate "2025.06.25"]
[SourceQuality "1"]

1. e4 c6 2. d4 d5 3. e5 Bf5 4. Nf3 e6 5. Be2 c5 6. Be3 cxd4 7. Nxd4 Ne7 8. c4 Nbc6 9. Nc3 Nxd4 10. Bxd4 dxc4 11. Bxc4 Nc6 12. Bb5 Be7 13. Bxc6+ bxc6 14. 0-0 0-0 15. Ne2 c5 16. Bc3 Qe8 17. Ng3 Rd8 18. Qf3 Bg6 19. Qg4 Qc6 20. h4 h6 21. Rfe1 Rd3 22. h5 Bh7 23. Ne4 Bf5 24. Qf4 Rfd8 25. Rac1 Qd5 26. a3 Rd7 27. Kh2 Rd8 28. Kg1 Rd7 29. Kh2 Rd8 30. Kg1 Rd7 1/2-1/2

[Event "Halmstad op"]
[Site "Halmstad"]
[Date "2025.05.29"]
[Round "2"]
[White "Dingertz, Filip"]
[Black "Sorensen, Hampus"]
[Result "0-1"]
[WhiteElo "2027"]
[BlackElo "2435"]
[PlyCount "196"]
[EventDate "2025.05.29"]
[EventType "swiss"]
[EventRounds "8"]
[EventCountry "SWE"]
[SourceTitle "CB23_2025"]
[SourceDate "2025.06.04"]
[SourceVersion "1"]
[SourceVersionDate "2025.06.04"]
[SourceQuality "1"]

1. e4 c5 2. c4 Nc6 3. Nc3 g6 4. g3 Bg7 5. Bg2 e6 6. Nge2 Nge7 7. d3 d6 8. a3 0-0 9. h4 e5 10. h5 Bg4 11. f3 Bd7 12. Bd2 Nd4 13. Nxd4 cxd4 14. Nd5 Nxd5 15. exd5 Re8 16. hxg6 hxg6 17. Qc1 Qe7 18. Kf2 f6 19. Bh6 g5 20. Qd2 Kf7 21. Bxg7 Kxg7 22. a4 Rh8 23. b4 Bf5 24. Rxh8 Rxh8 25. Rh1 Rxh1 26. Bxh1 Qe8 27. b5 Qc8 28. Bg2 Qc5 29. Bf1 b6 30. a5 Qa3 31. axb6 axb6 32. Be2 Kg6 33. g4 Bd7 34. Qe1 Kg7 35. Qd2 Be8 36. Kg2 Bg6 37. Kf2 Kh6 38. Kg2 Qc3 39. Qd1 Qb2 40. Kf2 Qa2 41. Qh1+ Kg7 42. Qd1 Bh7 43. Kf1 Qb2 44. Ke1 Bg6 45. Kf1 f5 46. gxf5 Bxf5 47. Ke1 Bg6 48. Qd2 Qb1+ 49. Qd1 Qa2 50. Qd2 Qa1+ 51. Qd1 Qa3 52. Qd2 Kf6 53. Kf2 Qb3 54. Ke1 Kf5 55. Bd1 Qb1 56. Qc2 Qa1 57. Qd2 Kf6 58. Qb4 Ke7 59. Qd2 Kf6 60. Qb4 Ke7 61. Qd2 Kf7 62. Kf2 Kf6 63. Ke2 Qb1 64. Qc2 Qa1 65. Qd2 Qa3 66. Bc2 Qb2 67. Bd1 Qa3 68. Bc2 Bf5 69. Ke1 Kg6 70. Kf2 Qb2 71. Ke1 Qa1+ 72. Bd1 Qb1 73. Ke2 Kf6 74. Qc2 Qa1 75. Qd2 Qa8 76. Qb4 Ke7 77. Qd2 Qg8 78. Qa2 Qh8 79. Kd2 Qh2+ 80. Be2 g4 81. Qa7+ Kf6 82. Qxb6 gxf3 83. Qd8+ Kf7 84. Qc7+ Kg6 85. Qxd6+ Kh5 86. Qf6 Qxe2+ 87. Kc1 Qxd3 88. Kb2 Qc2+ 89. Ka3 Qc3+ 90. Ka2 Qxc4+ 91. Ka3 Qc3+ 92. Ka2 Qa5+ 93. Kb2 Qxb5+ 94. Ka3 Qc5+ 95. Kb2 Qc2+ 96. Ka3 f2 97. Qh8+ Kg4 98. Qg7+ Kf3 0-1

[Event "Stockholm Hotel N IM 2nd"]
[Site "Upplands Vasby"]
[Date "2025.05.07"]
[Round "9"]
[White "Sorensen, Hampus"]
[Black "Domalchuk Jonasson, Aleksandr"]
[Result "1/2-1/2"]
[WhiteElo "2435"]
[BlackElo "2357"]
[PlyCount "37"]
[EventDate "2025.05.03"]
[EventType "tourn"]
[EventRounds "9"]
[EventCountry "SWE"]
[EventCategory "1"]
[SourceTitle "CB19_2025"]
[SourceDate "2025.05.07"]
[SourceVersion "1"]
[SourceVersionDate "2025.05.07"]
[SourceQuality "1"]

1. d4 e6 2. c4 b6 3. Nf3 Bb7 4. a3 Nf6 5. Bf4 d5 6. cxd5 Nxd5 7. Bg3 Be7 8. Qc2 Nd7 9. e4 N5f6 10. Nc3 0-0 11. Rd1 Nh5 12. Be2 h6 13. d5 Nxg3 14. hxg3 exd5 15. Nxd5 Bd6 16. 0-0 Re8 17. Rfe1 a6 18. Nd4 Nf6 19. Bf3 1/2-1/2

[Event "Stockholm Hotel N IM 2nd"]
[Site "Upplands Vasby"]
[Date "2025.05.04"]
[Round "3"]
[White "Sorensen, Hampus"]
[Black "Ljungros, Lo"]
[Result "1-0"]
[WhiteElo "2435"]
[BlackElo "2072"]
[PlyCount "81"]
[EventDate "2025.05.03"]
[EventType "tourn"]
[EventRounds "9"]
[EventCountry "SWE"]
[EventCategory "1"]
[SourceTitle "CB19_2025"]
[SourceDate "2025.05.07"]
[SourceVersion "1"]
[SourceVersionDate "2025.05.07"]
[SourceQuality "1"]

1. d4 d5 2. c4 dxc4 3. e4 c5 4. d5 Nf6 5. Nc3 e6 6. Bxc4 exd5 7. exd5 a6 8. a4 Bd6 9. Nf3 0-0 10. 0-0 Bf5 11. Bg5 Nbd7 12. Bd3 Bxd3 13. Qxd3 Qc7 14. Rfd1 Ng4 15. h3 Nge5 16. Nxe5 Nxe5 17. Qc2 f5 18. Bd2 h6 19. b3 Rac8 20. Ne2 g5 21. Kh1 f4 22. f3 Qf7 23. Bc3 Ng6 24. Bb2 Ne7 25. Nc3 Be5 26. Ne4 Bxb2 27. Qxb2 Nf5 28. d6 Rce8 29. d7 Rd8 30. Nxc5 Ng3+ 31. Kh2 b6 32. Nxa6 Rxd7 33. Nb4 Re8 34. Qc2 Rc7 35. Qd3 Re2 36. Rac1 Rce7 37. Nd5 Rxg2+ 38. Kxg2 Re2+ 39. Qxe2 Nxe2 40. Rc8+ Kh7 41. Rc7 1-0

[Event "Stockholm Hotel N IM 1st"]
[Site "Upplands Vasby"]
[Date "2025.05.02"]
[Round "9"]
[White "Wenzel, Birger"]
[Black "Sorensen, Hampus"]
[Result "0-1"]
[WhiteElo "1989"]
[BlackElo "2436"]
[PlyCount "112"]
[EventDate "2025.04.28"]
[EventType "tourn"]
[EventRounds "9"]
[EventCountry "SWE"]
[SourceTitle "CB19_2025"]
[SourceDate "2025.05.07"]
[SourceVersion "1"]
[SourceVersionDate "2025.05.07"]
[SourceQuality "1"]

1. d4 Nf6 2. c4 e6 3. g3 d5 4. Bg2 Bb4+ 5. Bd2 Be7 6. Nf3 c6 7. Qc2 Nbd7 8. 0-0 Ne4 9. Be3 0-0 10. Nbd2 f5 11. Ne1 Bf6 12. Ndf3 Nd6 13. b3 g5 14. Nd3 Nf7 15. Rac1 Qe7 16. b4 Rd8 17. b5 g4 18. Nd2 dxc4 19. Qxc4 Nd6 20. Qb3 Nxb5 21. d5 exd5 22. Bxd5+ Kh8 23. Bg2 Nf8 24. Bc5 Qe6 25. Qb4 a5 26. Qc4 Ng6 27. Bb6 Re8 28. e3 Ne5 29. Qxe6 Bxe6 30. Nxe5 Bxe5 31. Nc4 Bc3 32. Nd6 Nxd6 33. Rxc3 a4 34. Rd1 Nc4 35. Bd4+ Kg8 36. Bf1 Nd6 37. a3 Ne4 38. Rcc1 Bb3 39. Rd3 Red8 40. Bb6 Rd5 41. Rxd5 Bxd5 42. Bg2 Ra6 43. Bd8 Nd2 44. Rd1 Bxg2 45. Rxd2 Bd5 46. Kf1 Kf7 47. Ke1 Ke6 48. Bc7 b5 49. Rb2 Bb3 50. Rd2 c5 51. Bf4 b4 52. Bh6 bxa3 53. Bg7 Rb6 54. Rd8 Bd5 55. Rc8 Rb1+ 56. Kd2 a2 0-1

[Event "Stockholm Hotel N IM 1st"]
[Site "Upplands Vasby"]
[Date "2025.05.01"]
[Round "7"]
[White "Sorensen, Hampus"]
[Black "Domalchuk Jonasson, Aleksandr"]
[Result "1-0"]
[WhiteElo "2436"]
[BlackElo "2357"]
[PlyCount "91"]
[EventDate "2025.04.28"]
[EventType "tourn"]
[EventRounds "9"]
[EventCountry "SWE"]
[SourceTitle "CB19_2025"]
[SourceDate "2025.05.07"]
[SourceVersion "1"]
[SourceVersionDate "2025.05.07"]
[SourceQuality "1"]

1. d4 d5 2. c4 e6 3. Nf3 a6 4. cxd5 exd5 5. Nc3 h6 6. Qb3 Nf6 7. e4 Nxe4 8. Nxe4 dxe4 9. Ne5 Be6 10. Bc4 Qxd4 11. Bxe6 Bb4+ 12. Ke2 Qxe5 13. Bxf7+ Ke7 14. Be3 Nc6 15. Rhd1 Rhd8 16. Bd5 a5 17. h3 a4 18. Qc4 Qxb2+ 19. Kf1 Bd6 20. Qxe4+ Qe5 21. Bxc6 bxc6 22. Qxc6 Kf8 23. Rd4 Kg8 24. Re1 a3 25. Rg4 Qh5 26. Bxh6 Qxh6 27. Qc4+ Kf8 28. Rh4 Re8 29. Rxe8+ Rxe8 30. Rxh6 gxh6 31. Qg4 Rb8 32. g3 Rb2 33. Qg6 h5 34. Qf6+ Ke8 35. Qe6+ Kd8 36. g4 hxg4 37. hxg4 Rb5 38. Qf6+ Be7 39. Qc6 Rb6 40. Qd5+ Rd6 41. Qg8+ Kd7 42. g5 c5 43. g6 Bf6 44. g7 Bxg7 45. Qxg7+ Kc6 46. Qc3 1-0

[Event "Stockholm Hotel N IM 1st"]
[Site "Upplands Vasby"]
[Date "2025.04.30"]
[Round "6"]
[White "Ral Lustig, Melvin"]
[Black "Sorensen, Hampus"]
[Result "0-1"]
[WhiteElo "2237"]
[BlackElo "2436"]
[PlyCount "68"]
[EventDate "2025.04.28"]
[EventType "tourn"]
[EventRounds "9"]
[EventCountry "SWE"]
[SourceTitle "CB19_2025"]
[SourceDate "2025.05.07"]
[SourceVersion "1"]
[SourceVersionDate "2025.05.07"]
[SourceQuality "1"]

1. e4 c5 2. c3 Nf6 3. e5 Nd5 4. Nf3 Nc6 5. d4 cxd4 6. cxd4 d6 7. Bc4 dxe5 8. dxe5 Be6 9. 0-0 g6 10. Qe2 Bg7 11. Bd2 0-0 12. Nc3 Nc7 13. Rad1 Qc8 14. Bxe6 Qxe6 15. Rfe1 h6 16. b3 Rfd8 17. Na4 Rd5 18. Nc3 Rd7 19. Na4 b6 20. Rc1 Rad8 21. Qe4 Nd4 22. Bc3 Nxf3+ 23. Qxf3 Nb5 24. Bb2 Nd4 25. Bxd4 Rxd4 26. g3 R4d5 27. Rcd1 Rxd1 28. Rxd1 Rxd1+ 29. Qxd1 Bxe5 30. Qf3 Qf6 31. Qe2 Bd4 32. Qc2 Qe5 33. b4 Qe1+ 34. Kg2 Qxb4 0-1

[Event "Stockholm Hotel N IM 1st"]
[Site "Upplands Vasby"]
[Date "2025.04.29"]
[Round "3"]
[White "Sorensen, Hampus"]
[Black "Grahn, Vidar"]
[Result "1-0"]
[WhiteElo "2436"]
[BlackElo "2262"]
[PlyCount "85"]
[EventDate "2025.04.28"]
[EventType "tourn"]
[EventRounds "9"]
[EventCountry "SWE"]
[SourceTitle "CB19_2025"]
[SourceDate "2025.05.07"]
[SourceVersion "1"]
[SourceVersionDate "2025.05.07"]
[SourceQuality "1"]

1. e4 c5 2. Nf3 e6 3. d3 Nc6 4. g3 Nf6 5. Bg2 d6 6. 0-0 Be7 7. c3 0-0 8. Re1 Bd7 9. d4 cxd4 10. cxd4 d5 11. exd5 Nxd5 12. Nc3 Rc8 13. Bd2 Bf6 14. Nxd5 exd5 15. Bc3 Bf5 16. Qd2 Be4 17. Rad1 Re8 18. Qf4 Na5 19. Ne5 Bxg2 20. Kxg2 Nc4 21. Qf3 b5 22. Ng4 Be7 23. Re2 b4 24. Be1 a5 25. b3 Nb6 26. Bd2 Bd6 27. Rxe8+ Qxe8 28. Re1 Qd7 29. Bf4 f6 30. Bxd6 Qxd6 31. h4 Qd7 32. h5 Re8 33. Rd1 Qe6 34. h6 Qe4 35. hxg7 Kxg7 36. Rc1 Rc8 37. Rxc8 Nxc8 38. Ne3 Nd6 39. Nxd5 Qxd4 40. Kh2 f5 41. Ne3 Qe4 42. Qd1 Qe5 43. Qxd6 1-0

[Event "Stockholm Hotel N IM 1st"]
[Site "Upplands Vasby"]
[Date "2025.04.28"]
[Round "2"]
[White "Tripathi, Pratyush"]
[Black "Sorensen, Hampus"]
[Result "1/2-1/2"]
[WhiteElo "2011"]
[BlackElo "2436"]
[PlyCount "131"]
[EventDate "2025.04.28"]
[EventType "tourn"]
[EventRounds "9"]
[EventCountry "SWE"]
[SourceTitle "CB19_2025"]
[SourceDate "2025.05.07"]
[SourceVersion "1"]
[SourceVersionDate "2025.05.07"]
[SourceQuality "1"]

1. d4 Nf6 2. c4 e6 3. Nf3 d5 4. Nc3 c6 5. e3 a6 6. b3 Bb4 7. Bd2 Nbd7 8. Bd3 0-0 9. 0-0 Bd6 10. e4 dxc4 11. bxc4 e5 12. d5 Nc5 13. Bc2 cxd5 14. cxd5 b5 15. Qe2 h6 16. Rab1 Rb8 17. Rfc1 Bd7 18. a3 Qe7 19. Na2 Rfc8 20. Nb4 Ra8 21. Bc3 Nh7 22. Ba1 Nf8 23. Qe3 Ng6 24. g3 Qe8 25. Nd2 a5 26. Nd3 Nxd3 27. Qxd3 Qe7 28. Bb2 Bc5 29. Nf3 Qd6 30. Ra1 Rc7 31. a4 Rb7 32. Ba3 Bxa3 33. Rxa3 b4 34. Raa1 Rc8 35. Bb3 Rbc7 36. Rc4 Rxc4 37. Bxc4 Nf8 38. Nd2 Qb6 39. Kg2 Be8 40. Nf3 Qd6 41. Nd2 Nd7 42. Bb5 Rc3 43. Qe2 Nf6 44. Nc4 Qc5 45. Nxe5 Rc2 46. Nd3 Qc3 47. Qf1 Bxb5 48. axb5 Nxe4 49. Rxa5 b3 50. Ra8+ Kh7 51. b6 Nd6 52. Rd8 Nb7 53. Rd7 Qc8 54. Rc7 Rxc7 55. bxc7 Qxc7 56. Qb1 Na5 57. Nc5+ g6 58. Nxb3 Qb7 59. Nd2 Qxd5+ 60. Nf3 Nc4 61. Qb3 Qe4 62. Qc3 Qe6 63. h4 Nd6 64. Qe5 Qxe5 65. Nxe5 Kg7 66. Kf3 1/2-1/2

[Event "Karlsruhe Grenke op"]
[Site "Karlsruhe"]
[Date "2025.04.18"]
[Round "2"]
[White "Bustos Bernardo, Samuel"]
[Black "Sorensen, Hampus"]
[Result "0-1"]
[WhiteElo "2219"]
[BlackElo "2436"]
[PlyCount "95"]
[EventDate "2025.04.17"]
[EventType "swiss"]
[EventRounds "9"]
[EventCountry "GER"]
[SourceTitle "CB17_2025"]
[SourceDate "2025.04.23"]
[SourceVersion "1"]
[SourceVersionDate "2025.04.23"]
[SourceQuality "1"]

1. d4 Nf6 2. c4 e6 3. Nf3 d5 4. Nc3 Nbd7 5. Bg5 c6 6. e3 Qa5 7. cxd5 Nxd5 8. Qd2 Bb4 9. Rc1 Nxc3 10. bxc3 Ba3 11. Rb1 0-0 12. Bd3 e5 13. 0-0 Qc7 14. c4 h6 15. Bh4 b6 16. Rfd1 Re8 17. Bg3 Bd6 18. c5 bxc5 19. dxc5 Nxc5 20. Bh7+ Kxh7 21. Qxd6 Qxd6 22. Rxd6 f6 23. Rxc6 Bf5 24. Rd1 Ne4 25. Ne1 Red8 26. Rdc1 Rd2 27. f3 Nxg3 28. hxg3 Rxa2 29. e4 Bg6 30. Rc7 Rf8 31. Nc2 a5 32. Ne3 a4 33. Nd5 a3 34. Ra7 Rf7 35. Ra8 Rb7 36. Nc3 Rd2 37. Nb1 Rd3 38. Nxa3 Bf7 39. g4 Kg6 40. Ra5 Rb2 41. Nb1 Ba2 42. Nc3 Bb3 43. Nd5 Bxd5 44. Rxd5 Re3 45. Rd7 Ree2 46. Rcc7 Kg5 47. f4+ Kxf4 48. Rxg7 0-1

[Event "Titled Tuesday intern op 25th Mar Early"]
[Site "Chess.com INT"]
[Date "2025.03.25"]
[Round "1"]
[White "Bueno, Alfeu Varela Jr"]
[Black "Sorensen, Hampus"]
[Result "0-1"]
[WhiteElo "2152"]
[BlackElo "2433"]
[PlyCount "104"]
[EventDate "2025.03.25"]
[EventType "swiss (blitz)"]
[EventRounds "11"]
[EventCountry "USA"]
[SourceTitle "CB14_2025"]
[SourceDate "2024.11.01"]
[SourceVersion "1"]
[SourceVersionDate "2024.11.01"]
[SourceQuality "1"]

1. e4 d6 2. d4 g6 3. Nc3 c6 4. a4 Bg7 5. Nf3 Nf6 6. h3 0-0 7. Be3 Nbd7 8. Be2 e5 9. dxe5 dxe5 10. Nd2 Qe7 11. Nc4 Rd8 12. Qd6 Qe8 13. 0-0-0 Bf8 14. Qc7 Be7 15. Nd6 Qf8 16. Nxc8 Rdxc8 17. Qxb7 Nc5 18. Bxc5 Bxc5 19. Bc4 Rab8 20. Qa6 Bd4 21. Rd3 Rb4 22. Bb3 Nd7 23. Rf3 Rxb3 24. cxb3 Nc5 25. Qc4 Rb8 26. Ne2 Rb4 27. Qxb4 Nd3+ 28. Rxd3 Qxb4 29. Nxd4 exd4 30. Kb1 c5 31. Rc1 Kg7 32. f3 h5 33. Rc4 Qe1+ 34. Rc1 Qe2 35. Rdd1 Qxg2 36. Rxc5 Qxh3 37. Rxd4 Qxf3 38. Ka2 h4 39. Rc3 Qg2 40. e5 h3 41. Rh4 Qg5 42. Rcxh3 Qxe5 43. Rh7+ Kg8 44. R7h4 g5 45. Rg4 Kg7 46. Rhg3 Kg6 47. Rg1 Qe3 48. R1g3 Qe7 49. Rg1 f5 50. Rc4 g4 51. Rh1 Kg5 52. Rc6 g3 0-1

[Event "Titled Tuesday intern op 25th Mar Early"]
[Site "Chess.com INT"]
[Date "2025.03.25"]
[Round "4"]
[White "Sorensen, Hampus"]
[Black "Abdsattar, Alisher"]
[Result "1-0"]
[WhiteElo "2433"]
[BlackElo "2142"]
[PlyCount "64"]
[EventDate "2025.03.25"]
[EventType "swiss (blitz)"]
[EventRounds "11"]
[EventCountry "USA"]
[SourceTitle "CB14_2025"]
[SourceDate "2024.11.01"]
[SourceVersion "1"]
[SourceVersionDate "2024.11.01"]
[SourceQuality "1"]

1. e4 e5 2. Nf3 Nc6 3. Bc4 Nf6 4. d3 Bc5 5. c3 a5 6. 0-0 d6 7. Be3 Ba7 8. Na3 0-0 9. h3 h6 10. Re1 Be6 11. d4 Bxc4 12. Nxc4 Nxe4 13. d5 f5 14. dxc6 bxc6 15. Bxa7 Rxa7 16. Qa4 c5 17. Ncd2 Nf6 18. b4 e4 19. Nh2 cxb4 20. cxb4 Qa8 21. b5 Kh7 22. Nb3 g5 23. Nd4 Qd5 24. Rad1 Rb7 25. Qxa5 f4 26. a4 e3 27. fxe3 fxe3 28. Qc3 Re8 29. Rxe3 Ne4 30. Qd3 Kh8 31. Nc6 Qc5 32. Qd4+ Qxd4 1-0

[Event "Titled Tuesday intern op 11th Mar Early"]
[Site "Chess.com INT"]
[Date "2025.03.11"]
[Round "1"]
[White "Brown, Akeem"]
[Black "Sorensen, Hampus"]
[Result "0-1"]
[WhiteElo "2036"]
[BlackElo "2433"]
[PlyCount "108"]
[EventDate "2025.03.11"]
[EventType "swiss (blitz)"]
[EventRounds "11"]
[EventCountry "USA"]
[SourceTitle "CB12_2025"]
[SourceDate "2025.03.19"]
[SourceVersion "1"]
[SourceVersionDate "2025.03.19"]
[SourceQuality "1"]

1. e4 d6 2. d4 e5 3. Nf3 Nd7 4. Nc3 Ngf6 5. h3 c6 6. a4 a5 7. Bc4 Be7 8. 0-0 0-0 9. Re1 h6 10. Be3 Re8 11. dxe5 dxe5 12. Qb1 Bc5 13. Qa2 Qe7 14. Rad1 Bxe3 15. Rxe3 Nc5 16. Nh4 Be6 17. Bxe6 Qxe6 18. Qxe6 Rxe6 19. Nf5 Ne8 20. Red3 Nxd3 21. Rxd3 h5 22. Rd7 Rb8 23. Ne2 Kf8 24. Nc1 g6 25. Ne3 Rd6 26. Rxd6 Nxd6 27. f3 b5 28. axb5 Rxb5 29. Nd3 a4 30. Kf2 Ke7 31. Ke2 f6 32. Kd2 Ra5 33. Kc3 a3 34. bxa3 Rxa3+ 35. Kb2 Ra5 36. Kc3 Ra1 37. Nb4 Kd7 38. Kd2 Kc7 39. Nd3 Nb7 40. Nb4 Nc5 41. Ke2 Ra4 42. Nd3 Nxd3 43. Kxd3 Kd6 44. Kc3 Kc5 45. Kb3 Rd4 46. Kc3 Rd8 47. h4 Rd7 48. g3 Rd8 49. Nf1 Rd1 50. Ne3 Rg1 51. g4 Rg3 52. gxh5 gxh5 53. Kd2 Rxf3 54. Nf5 Rf4 0-1

[Event "Titled Tuesday intern op 11th Mar Early"]
[Site "Chess.com INT"]
[Date "2025.03.11"]
[Round "7"]
[White "Gavrilescu, David"]
[Black "Sorensen, Hampus"]
[Result "1-0"]
[WhiteElo "2549"]
[BlackElo "2433"]
[PlyCount "73"]
[EventDate "2025.03.11"]
[EventType "swiss (blitz)"]
[EventRounds "11"]
[EventCountry "USA"]
[SourceTitle "CB12_2025"]
[SourceDate "2025.03.19"]
[SourceVersion "1"]
[SourceVersionDate "2025.03.19"]
[SourceQuality "1"]

1. e4 d6 2. d4 e5 3. Ne2 Nf6 4. Nbc3 c6 5. a4 a5 6. g3 Be7 7. Bg2 0-0 8. 0-0 Na6 9. h3 Re8 10. Be3 Bf8 11. f4 exd4 12. Bxd4 Nc5 13. Bxc5 dxc5 14. e5 Nd7 15. Ne4 f6 16. Qd3 Nb6 17. Qxd8 Rxd8 18. exf6 Nc4 19. Rad1 Bf5 20. fxg7 Kxg7 21. N2c3 Ne3 22. Rxd8 Rxd8 23. Rf2 h5 24. Kh2 h4 25. Re2 hxg3+ 26. Nxg3 Nxg2 27. Kxg2 Bh7 28. Nce4 Bxe4+ 29. Nxe4 Rd4 30. b3 c4 31. Ng5 Rd7 32. bxc4 Kf6 33. Kf3 Rd1 34. Re6+ Kg7 35. f5 Bc5 36. Rg6+ Kf8 37. Ne6+ 1-0

[Event "Titled Tuesday intern op 11th Mar Early"]
[Site "Chess.com INT"]
[Date "2025.03.11"]
[Round "2"]
[White "Le, Tuan Minh"]
[Black "Sorensen, Hampus"]
[Result "1-0"]
[WhiteElo "2598"]
[BlackElo "2433"]
[PlyCount "55"]
[EventDate "2025.03.11"]
[EventType "swiss (blitz)"]
[EventRounds "11"]
[EventCountry "USA"]
[SourceTitle "CB12_2025"]
[SourceDate "2025.03.19"]
[SourceVersion "1"]
[SourceVersionDate "2025.03.19"]
[SourceQuality "1"]

1. d4 Nf6 2. Nf3 d5 3. Bf4 c5 4. c3 e6 5. e3 Nc6 6. Nbd2 cxd4 7. exd4 Nh5 8. Be5 f6 9. Bg3 g6 10. Be2 Bg7 11. 0-0 Nxg3 12. hxg3 0-0 13. c4 f5 14. Nb3 a5 15. a4 b6 16. Rc1 Bd7 17. Re1 Rc8 18. cxd5 exd5 19. Bb5 Nb4 20. Rc3 Bxb5 21. axb5 Qd7 22. Qe2 Rce8 23. Ne5 Bxe5 24. dxe5 f4 25. Nd4 Kh8 26. e6 Qg7 27. Qd2 Rf6 28. gxf4 1-0

[Event "Titled Tuesday intern op 11th Mar Early"]
[Site "Chess.com INT"]
[Date "2025.03.11"]
[Round "6"]
[White "Sorensen, Hampus"]
[Black "Krzywda, Andrzej"]
[Result "1-0"]
[WhiteElo "2433"]
[BlackElo "2152"]
[PlyCount "75"]
[EventDate "2025.03.11"]
[EventType "swiss (blitz)"]
[EventRounds "11"]
[EventCountry "USA"]
[SourceTitle "CB12_2025"]
[SourceDate "2025.03.19"]
[SourceVersion "1"]
[SourceVersionDate "2025.03.19"]
[SourceQuality "1"]

1. e4 e5 2. Nf3 Nf6 3. Nc3 Bb4 4. Nxe5 0-0 5. Nd3 Bxc3 6. dxc3 Nxe4 7. Be2 Re8 8. 0-0 d6 9. Nf4 Nd7 10. c4 Ndc5 11. Be3 Ne6 12. Nd5 c6 13. Nf4 Nxf4 14. Bxf4 Qf6 15. Bc1 Bf5 16. Bd3 Rad8 17. Qf3 Qg6 18. Be3 a6 19. Rfe1 Bg4 20. Qf4 Bh3 21. Bf1 Bf5 22. Kh1 h6 23. c3 Nf6 24. Bd4 Ne4 25. f3 Ng5 26. Bb6 Rc8 27. Bf2 d5 28. cxd5 cxd5 29. Qd2 Red8 30. Re7 Ne6 31. Rxb7 h5 32. Rb6 h4 33. Bxh4 f6 34. g4 Bc2 35. Rxe6 d4 36. cxd4 Ba4 37. Qe3 Rc2 38. Bd3 1-0

[Event "Titled Tuesday intern op 04th Mar Early"]
[Site "Chess.com INT"]
[Date "2025.03.04"]
[Round "7"]
[White "Sorensen, Hampus"]
[Black "Banusz, Tamas"]
[Result "1-0"]
[WhiteElo "2433"]
[BlackElo "2580"]
[PlyCount "127"]
[EventDate "2025.03.04"]
[EventType "swiss (blitz)"]
[EventRounds "11"]
[EventCountry "USA"]
[SourceTitle "CB11_2025"]
[SourceDate "2025.03.12"]
[SourceVersion "1"]
[SourceVersionDate "2025.03.12"]
[SourceQuality "1"]

1. d4 Nf6 2. c4 e6 3. Nc3 Bb4 4. e3 0-0 5. Bd2 c5 6. a3 Bxc3 7. Bxc3 Ne4 8. Ne2 b6 9. d5 Bb7 10. f3 Nxc3 11. Nxc3 exd5 12. cxd5 d6 13. e4 a6 14. a4 f5 15. exf5 Rxf5 16. Be2 Qh4+ 17. g3 Qh6 18. 0-0 Nd7 19. f4 Rff8 20. Bg4 Nf6 21. Be6+ Kh8 22. Qb3 Rab8 23. Rae1 b5 24. axb5 axb5 25. Ne4 Nxe4 26. Rxe4 b4 27. Bd7 Qf6 28. Rfe1 Ba6 29. Qc2 c4 30. R1e3 Rfd8 31. Bc6 c3 32. bxc3 b3 33. Qb2 Qf5 34. Rb4 Qc2 35. Qxc2 bxc2 36. Re1 Be2 37. Rc1 Bd3 38. Ba4 Rxb4 39. cxb4 Rb8 40. Kf2 h6 41. Ke3 Bf5 42. Bxc2 Bxc2 43. Rxc2 Rxb4 44. Rc6 Rb2 45. Rxd6 Rxh2 46. Rd8+ Kh7 47. d6 Rh1 48. Ke2 Rh2+ 49. Ke3 Rh1 50. Ke4 Re1+ 51. Kd5 Rd1+ 52. Kc6 Rc1+ 53. Kd7 Kg6 54. Re8 Ra1 55. Re3 Ra7+ 56. Ke6 Ra6 57. Ke7 Kf5 58. d7 Ra7 59. Ke8 Ra8+ 60. d8Q Rxd8+ 61. Kxd8 h5 62. Ke7 h4 63. gxh4 Kxf4 64. Ra3 1-0

[Event "Titled Tuesday intern op 25th Feb Early"]
[Site "Chess.com INT"]
[Date "2025.02.25"]
[Round "1"]
[White "Ivashentseva, Dominika"]
[Black "Sorensen, Hampus"]
[Result "0-1"]
[WhiteElo "1869"]
[BlackElo "2430"]
[PlyCount "136"]
[EventDate "2025.02.25"]
[EventType "swiss (blitz)"]
[EventRounds "11"]
[EventCountry "USA"]
[SourceTitle "CB10_2025"]
[SourceDate "2025.03.05"]
[SourceVersion "1"]
[SourceVersionDate "2025.03.05"]
[SourceQuality "1"]

1. d4 Nf6 2. c4 c5 3. d5 b5 4. cxb5 a6 5. bxa6 g6 6. Nc3 Bg7 7. e4 0-0 8. Nf3 Qa5 9. Bd2 Bxa6 10. Be2 d6 11. 0-0 Bxe2 12. Qxe2 Qa6 13. Rfe1 Nfd7 14. a4 Qxe2 15. Rxe2 Na6 16. Be1 Nc7 17. Ra3 Rfb8 18. Ra2 Rb3 19. Nd2 Rb4 20. Ndb1 Ne5 21. Nb5 Rxb5 22. axb5 Rxa2 23. b6 Na6 24. Na3 Ra1 25. Re3 Nd3 26. Kf1 Rxe1+ 27. Rxe1 Nxe1 28. Kxe1 Bxb2 29. Nc4 Bd4 30. b7 Kf8 31. Ke2 Ke8 32. Na5 Kd7 33. Nc6 Kc7 34. Nxe7 Kxb7 35. Ng8 Bg7 36. f4 Kc7 37. Ne7 Nb4 38. Ke3 Kd7 39. Ng8 Ke8 40. e5 dxe5 41. fxe5 Nxd5+ 42. Ke4 Kf8 43. Kxd5 Kxg8 44. Kxc5 Bxe5 45. h3 f6 46. Kd5 Kf7 47. Ke4 h5 48. Kf3 Ke6 49. Ke2 Kf5 50. Kf2 Kf4 51. Ke2 Kg3 52. Kf1 Bd4 53. h4 Bc5 54. Ke2 Kxg2 55. Kd3 f5 56. Kc4 f4 57. Kd5 f3 58. Ke6 f2 59. Kf7 f1Q+ 60. Kg7 Kg3 61. Kh7 Kxh4 62. Kh6 Kg4 63. Kxg6 h4 64. Kh6 h3 65. Kg6 h2 66. Kg7 h1Q 67. Kg6 Qh5+ 68. Kg7 Qff7# 0-1